| 000 | 01000nam a2200277Ia 4500 | ||
|---|---|---|---|
| 003 | OSt | ||
| 005 | 20220923211344.0 | ||
| 006 | a|||||r|||| 00| 0 | ||
| 007 | ta | ||
| 008 | 220922b |||||||| |||| 00| 0 hin d | ||
| 020 |
_a9788183618595 (hbk) _c295 |
||
| 024 | _a324,509 | ||
| 037 |
_bBR6975, 13/03/2018, Rajkamal Prakashan Pvt. Ltd _cTextual |
||
| 040 |
_aARTS _cARTS _bhin |
||
| 041 |
_2hin _ahin |
||
| 082 | _aO152,3N58,CH, Q7 | ||
| 100 | _aकर्दम, जयप्रकाश, ले. | ||
| 245 | 0 | _aछप्पर | |
| 246 | _aChhappara | ||
| 260 |
_aनई दिल्ली _b राधाकृष्ण प्रकाशन _c2017 |
||
| 300 |
_a127पृ. _ccm. |
||
| 650 |
_a हिन्दी साहित्य _9156264 |
||
| 650 | _aहिन्दी कहानी | ||
| 942 |
_hO152,3N58,CH, Q7 _cTEXL _2CC |
||
| 999 |
_c298729 _d298729 |
||